Statistics for Axis Countries by Flag

Click here to take the quiz!

General Stats

  • This quiz has been taken 48 times
    (25 since last reset)
  • The average score is 15 of 22

Answer Stats

Answer% Correct
Empire of Japan
100%
German Reich
100%
Kingdom of Italy
96%
Republic of Finland
88%
Kingdom of Thailand
83%
Third Bulgarian Tsardom
83%
French State
79%
Italian Social Republic
79%
Kingdom of Hungary
79%
Kingdom of Romania
79%
Independent State of Croatia
75%
Reorganized National Government of the Republic of China
75%
Kingdom of Albania
71%
Hellenic State
67%
Republic of the Philippines
67%
Hashemite Kingdom of Iraq
63%
Kingdom of Yugoslavia
63%
First Slovak Republic
50%
Empire of Great Manchuria
46%
Empire of Vietnam
33%
Governorate of Montenegro
33%
Protectorate of Bohemia and Moravia
21%

Score Distribution

Percentile by Number Answered

Percent of People with Each Score

Your Score History

You have not taken this quiz since the last reset